Meistertrainer der Fussballbundesliga 1963 - 2014 - Statistiken

Allgemein
  • Dieses Quiz wurde 1.417 mal gespielt
  • Das Durchschnittsergebnis liegt bei 30 aus 51
Antwortstatistiken
Hint Antwort % Korrekt
Borussia Dortmund 2011/12 Klopp
96%
Borussia Dortmund 2010/11 Klopp
96%
Bayern München 2013/14 Guardiola
90%
Bayern München 2012/13 Heynckes
90%
Bayern München 1989/90 Heynckes
90%
Bayern München 1988/89 Heynckes
90%
VfL Wolfsburg 2008/09 Magath
84%
Bayern München 2005/06 Magath
84%
Bayern München 2004/05 Magath
84%
Bayern München 2007/08 Hitzfeld
82%
Bayern München 2002/03 Hitzfeld
82%
Bayern München 2000/01 Hitzfeld
82%
Bayern München 1999/00 Hitzfeld
82%
Bayern München 1998/99 Hitzfeld
82%
Borussia Dortmund 1995/96 Hitzfeld
82%
Borussia Dortmund 1994/95 Hitzfeld
82%
Werder Bremen 2003/04 Schaaf
72%
Bayern München 2009/10 van Gaal
72%
1.FC Kaiserslautern 1997/98 Rehhagel
70%
Werder Bremen 1992/93 Rehhagel
70%
Werder Bremen 1987/88 Rehhagel
70%
Bayern München 1993/94 Beckenbauer
62%
Bayern München 1986/87 Lattek
61%
Bayern München 1985/86 Lattek
61%
Bayern München 1984/85 Lattek
61%
Borussia Mönchengladbach 1976/77 Lattek
61%
Borussia Mönchengladbach 1975/76 Lattek
61%
Bayern München 1973/74 Lattek
61%
Bayern München 1972/73 Lattek
61%
Bayern München 1971/72 Lattek
61%
Borussia Dortmund 2001/02 Sammer
61%
VfB Stuttgart 2006/07 Veh
60%
Bayern München 1996/97 Trappatoni
53%
1. FC Köln 1977/78 Weisweiler
44%
Borussia Mönchengladbach 1974/75 Weisweiler
44%
Borussia Mönchengladbach 1970/71 Weisweiler
44%
Borussia Mönchengladbach 1969/70 Weisweiler
44%
VfB Stuttgart 1991/92 Daum
40%
Hamburger SV 1982/83 Happel
37%
Hamburger SV 1981/82 Happel
37%
1. FC Nürnberg 1967/68 Merkel
29%
TSV 1860 München 1965/66 Merkel
29%
Hamburger SV 1978/79 Zebec
25%
Bayern München 1968/69 Zebec
25%
Bayern München 1980/81 Csernai
24%
Bayern München 1979/80 Csernai
24%
1.FC Kaiserslautern 1990/91 Feldkamp
24%
VfB Stuttgart 1983/84 Benthaus
15%
Werder Bremen 1964/65 Multhaup
14%
Eintracht Braunschweig 1966/67 Johannsen
12%
1. FC Köln 1963/64 Knöpfle
9%
Keine übereinstimmenden Quizze gefunden
Verteilung der Resultate
Anzahl Personen mit jedem Resultat
Perzentil nach korrekt beantworteten Fragen
Ihre Resultats-Entwicklung
Sie haben dieses Quiz noch nicht gespielt